Spôsob priebežnej výroby spojených minerálnych vláknitých dosiek a zariadenie na vykonávanie tohto spôsobu. D04H 1/70 patentový dokument

Podrobná bibliografia
Hlavný autor: Wyss, Peter (Autor)
Médium: Kniha
Jazyk:neznámy jazyk
Vydavateľské údaje: Banská Bystrica Úrad priemyselného vlastníctva SR 2004
Vydanie:[1.vyd.]
Predmet:

MARC

LEADER 00000nam a2200000 a 4500
001 vtls001475716
003 SK-MaSNL
005 20260302054854.0
008 240318s2004 xo 0 und
035 |a SNK000431017 
040 |a SNK  |b slo  |c SNK  |e AACR2 
044 |a xo  |c SK 
100 1 |a Wyss, Peter  |4 aut  |9 540711 
245 1 0 |a Spôsob priebežnej výroby spojených minerálnych vláknitých dosiek a zariadenie na vykonávanie tohto spôsobu. D04H 1/70  |b patentový dokument 
250 |a [1.vyd.] 
260 |a Banská Bystrica  |b Úrad priemyselného vlastníctva SR  |c 2004 
655 7 |a patentové spisy  |2 SNK  |9 63387 
999 |c 1115047  |d 1116977 
952 |t P60, <03>, [BOOK], {603}  |a SNK  |b SNK  |y PREZ  |7 0  |p 17A0429543  |o snkSK 283915  |i snkPS 177/2004  |0 0  |1 0  |4 0  |d 2004-05-28  |l 0  |r 2005-01-02 00:00:00  |w 2026-02-24